| 000 | 00743nam a2200217 a 4500 | ||
|---|---|---|---|
| 005 | 20240911064245.0 | ||
| 008 | 991125s2002 mx 000 0 spa u | ||
| 020 | _a9291360988 | ||
| 035 | _aUPN01000023562 | ||
| 049 | _aUNE | ||
| 050 | 4 |
_aHM221 _bR4.7 |
|
| 111 | 2 |
_aReunión de Consulta para Centroamérica, Cuba, México y República Dominicana _d(2002 : _cTegucigalpa, Honduras) |
|
| 245 | 1 | 0 |
_aRetos y oportunidades de la sociedad de la información : _bmemoria / _ced. Arvelio García. |
| 260 |
_aTegucigalpa : _bUNESCO, _c2002. |
||
| 300 |
_a269 p. : _btablas |
||
| 440 | 0 | _aVox civis | |
| 650 | 4 |
_aSociedad de la información _94894 |
|
| 650 | 2 |
_aCiencia de la información _97832 |
|
| 700 | 1 |
_aGarcía Arvelio, _eed. |
|
| 905 | _aLibro | ||
| 999 |
_c23562 _d23562 |
||